000 00247nam a2200109Ia 4500
008 220204s9999 xx 000 0 und d
082 _a82-3
_bREY
100 _aRey, Pierre
245 4 _aThe Widow
260 _aNew York
_bBerkley
_c1978
942 _cBK
999 _c33507
_d33507